Statistics for Rarest Minecraft mobs

Click here to take the quiz!

General Stats

  • This quiz has been taken 24 times
  • The average score is 4 of 6

Answer Stats

HintAnswer% Correct
Creeper struck
by lightning
Charged
Creeper
96%
Horse struck
by lightning
Skeleton
Horse
79%
Don't sleep
you'll find out
Phantom
67%
A jockey of
hostile mobs
Spider
Jockey
67%
Guards ancient
city
Warden
67%
Reddish colored
Wool animal
Pink Sheep
63%

Score Distribution

Percentile by Number Answered

Percent of People with Each Score

Your Score History

You have not taken this quiz